Statistics for Countries that Beat Nauru

Click here to take the quiz!

General Stats

  • This quiz has been taken 818 times
    (436 since last reset)
  • The average score is 11 of 20

Answer Stats

RankCategoryCountries% Correct
12Shortest nameCuba | Iraq | Iran | Laos | Mali | Oman | Togo | Chad | Fiji | Peru
97%
3Least populatedVatican City | Tuvalu
96%
3Capital with the fewest letters in OceaniaSamoa | Fiji
85%
3Least guessed in the Countries of the World Quiz on JetPunkPalau | São Tomé and Príncipe
74%
3SmallestVatican City | Monaco
74%
5Closest to TuvaluFiji | Kiribati | Tonga | Samoa
72%
7Furthest from France (mainland)New Zealand | Solomon Islands | Kiribati | Tonga | Samoa | Vanuatu | Tuvalu
70%
6Least guessed capital in the World Capitals Quiz on JetpunkPalau | Solomon Islands | Marshall Islands | Kiribati | Tonga
66%
10Highest percentage of one letter in its nameCanada | Kosovo | Panama | Togo | Fiji | Comoros | Bahamas | Morocco | Greece
61%
8Fewest parliamentariansFederated States of Micronesia | Tuvalu | Grenada | Saint Kitts and Nevis | Palau | Saint Lucia | Antigua and Barbuda
60%
2Starting with N closest to the beginning of the alphabetNamibia
60%
3Least exportsKiribati | Palau
58%
2Least CO2 emissionsTuvalu
53%
2Lowest GDPTuvalu
50%
4Least importsMarshall Islands | Tuvalu | São Tomé and Príncipe
47%
3Flag with the most blueFederated States of Micronesia | Kazakhstan
42%
3Flag with the star with the most pointsMarshall Islands | Malaysia
24%
7Highest unemployment rateMarshall Islands | South Africa | Kiribati | Nigeria | Kosovo | Grenada
21%
3Highest percentage of refugeesLebanon | Jordan
18%
2Biggest country without official capital citySwitzerland
17%

Score Distribution

Percentile by Number Answered

Percent of People with Each Score

Your Score History

You have not taken this quiz since the last reset